Normal view
MARC view
- Andrews, David L,Demidov, Andrey A
Entry Personal Name
001 - CONTROL NUMBER
- control field: 61064
003 - CONTROL NUMBER IDENTIFIER
- control field: NUST
005 - DATE AND TIME OF LATEST TRANSACTION
- control field: 20210628202701.0
008 - FIXED-LENGTH DATA ELEMENTS
- fixed length control field: 210628|| aca||aabn | a|a d
040 ## - CATALOGING SOURCE
- Original cataloging agency: NUST
- Transcribing agency: NUST
100 ## - HEADING--PERSONAL NAME
- Personal name: Andrews, David L,Demidov, Andrey A
670 ## - SOURCE DATA FOUND
- Source citation: Work cat.: (NUST): Andrews, David L,Demidov, Andrey A, An introduction to laser spectroscopy, 2005
